Demografické trendy na Slovensku na začiatku nového milénia
Intenzita sobášnosti je stále na nízkej úrovni. Intenzita rozvodovosti sa naďalej zvyšuje. Intenzita plodnosti stúpa, odkladanie rodičovstva pokračuje. Nemanželsky narodené deti. Miera potratovosti. Úmrtnosť klesá. Zníženie intenzity vnútornej a zahraničnej migrácie. Starnutie obyvateľstva sa zrýchľ...
Salvato in:
| Autore principale: | |
|---|---|
| Natura: | Capitolo di libro |
| Lingua: | slovacco |
| Soggetti: | |
| Tags: |
Nessun Tag, puoi essere il primo ad aggiungerne!!
|
MARC
| LEADER | 00000naa a2200000 4500 | ||
|---|---|---|---|
| 001 | 0126024 | ||
| 005 | 20231107114033.9 | ||
| 041 | 0 | |a slo | |
| 044 | |a SK | ||
| 245 | 1 | 0 | |a Demografické trendy na Slovensku na začiatku nového milénia |c Danuša Jurčová ... [ et al. ] |
| 520 | |a Intenzita sobášnosti je stále na nízkej úrovni. Intenzita rozvodovosti sa naďalej zvyšuje. Intenzita plodnosti stúpa, odkladanie rodičovstva pokračuje. Nemanželsky narodené deti. Miera potratovosti. Úmrtnosť klesá. Zníženie intenzity vnútornej a zahraničnej migrácie. Starnutie obyvateľstva sa zrýchľuje. | ||
| 610 | 2 | 0 | |a vývoj populačný |
| 610 | 2 | 0 | |a pôrodnosť |
| 610 | 2 | 0 | |a úmrtnosť |
| 610 | 2 | 0 | |a migrácia |
| 610 | 2 | 0 | |a starnutie populácie |
| 610 | 2 | 0 | |a obyvateľstvo |
| 610 | 2 | 0 | |a pohyb obyvateľstva |
| 610 | 2 | 0 | |a Slovensko |
| 100 | 1 | |a Jurčová, Danuša | |